Выпадение космического вещества на поверхность Земли

Bibliografische gegevens
Coauteurs: Томский государственный университет (ТГУ), Академия наук СССР Сибирское отделение Институт геологии и географии
Andere auteurs: Иванова Г. М. Галина Михайловна, Львов Ю. А. Юрий Алексеевич, Васильев Н. В. Николай Владимирович, Антонов И. В. Игорь Васильевич
Samenvatting:В данной монографии приведены методы обнаружения космического вещества в околоземном космическом пространстве, в атмосфере нашей планеты и на ее поверхности. Описана морфология космической пыли, ее физические и химические свойства, рассмотрен вопрос о ее возможных генетических связях. Особое внимание уделено геофизическим эффектам, связанным с проникновением в атмосферу Земли космического вещества, в частности, мезосферным облакам, "светлым полосам" Гоффмейстера, сумеречным аномалиям. Часть фактического материала, обобщенного в книге, получена самими авторами либо в работах, выполненных с их участием. В большей мере это относится к выделению космического вещества из различных природных объектов, а также к вопросу о мезосферных облаках. Книга рассчитана на специалистов — астрономов, геологов, геофизиков, геохимиков, а также на широкий круг читателей, интересующихся вопросами космофизики и космохимии.
Taal:Russisch
Gepubliceerd in: Томск, Изд-во Томского ун-та, 1975
Onderwerpen:
Formaat: MixedMaterials Boek
KOHA link:https://koha.lib.tpu.ru/cgi-bin/koha/opac-detail.pl?biblionumber=351430

MARC

LEADER 00000nam0a2200000 4500
001 351430
005 20231102010413.0
035 |a (RuTPU)RU\TPU\retro\6462 
090 |a 351430 
100 |a 20190605d1975 k y0rusy50 ca 
101 0 |a rus 
102 |a RU 
105 |a a z 001zy 
200 1 |a Выпадение космического вещества на поверхность Земли  |f Г. М. Иванова [и др.]  |g Томский государственный университет (ТГУ) ; Институт геологии и географии СО АН СССР 
210 |a Томск  |c Изд-во Томского ун-та  |d 1975 
215 |a 120 с.  |c ил. 
316 |5 63413507: КР-6530  |a На титульном листе дарственная надпись : "Профессору Александру Акимовичу Воробьева, большому ученому и селовеку-авторы. Н. Васильев. 12.V.77" 
317 |5 63413507: КР-6530  |a Поступил в НТБ в 1987 г. в дар от вдовы ученого Е. К. Завадовской 
320 |a Библиогр.: с. 96-118 
330 |a В данной монографии приведены методы обнаружения космического вещества в околоземном космическом пространстве, в атмосфере нашей планеты и на ее поверхности. Описана морфология космической пыли, ее физические и химические свойства, рассмотрен вопрос о ее возможных генетических связях. Особое внимание уделено геофизическим эффектам, связанным с проникновением в атмосферу Земли космического вещества, в частности, мезосферным облакам, "светлым полосам" Гоффмейстера, сумеречным аномалиям. Часть фактического материала, обобщенного в книге, получена самими авторами либо в работах, выполненных с их участием. В большей мере это относится к выделению космического вещества из различных природных объектов, а также к вопросу о мезосферных облаках. Книга рассчитана на специалистов — астрономов, геологов, геофизиков, геохимиков, а также на широкий круг читателей, интересующихся вопросами космофизики и космохимии. 
606 1 |a Космическая пыль  |x (петрография)  |2 stltpush  |3 (RuTPU)RU\TPU\subj\66356  |9 82530 
610 1 |a библиотека А. А. Воробьева 
610 1 |a Земля 
610 1 |a космическое вещество 
610 1 |a выпадение 
610 1 |a пылевая материя 
610 1 |a околоземное космическое пространство 
610 1 |a атмосфера 
610 1 |a геофизические эффекты 
610 1 |a физические свойства 
610 1 |a химический состав 
675 |a 552.6  |v 4 
701 1 |a Иванова  |b Г. М.  |g Галина Михайловна 
701 1 |a Львов  |b Ю. А.  |g Юрий Алексеевич 
701 1 |a Васильев  |b Н. В.  |g Николай Владимирович 
701 1 |a Антонов  |b И. В.  |g Игорь Васильевич 
712 0 2 |a Томский государственный университет (ТГУ)  |2 stltpush  |3 (RuTPU)RU\TPU\col\397 
712 0 2 |a Академия наук СССР  |b Сибирское отделение  |b Институт геологии и географии  |2 stltpush  |3 (RuTPU)RU\TPU\col\26261  |9 28565 
801 1 |a RU  |b 63413507  |c 20190605 
801 2 |a RU  |b 63413507  |c 20200110  |g RCR 
942 |c BK